Adèle - Paroles Chasing Pavement - Statistiques

Statistiques générales
  • Ce quiz a été pris 49 fois
  • Le résultat moyen est 218 sur 290
Statistiques - réponses
Hint Réponse % Correct
I
96%
chasing
93%
up
93%
up?
93%
give
89%
Or
89%
or?
89%
Breakdown | Refrain Should
89%
should
89%
If
86%
if
86%
just
86%
keep
86%
my
86%
the
86%
a
82%
do
82%
pavements?
82%
Even
79%
mind
79%
it
75%
it,
75%
made
75%
no
75%
there?
75%
you
75%
be
71%
Don't
71%
I'm
71%
leave
71%
right
71%
am
68%
leads
68%
nowhere
68%
nowhere,
68%
think
68%
is
64%
Couplet 1 I've
64%
need
64%
to
64%
would
64%
wrong,
64%
love,
61%
on
61%
over
61%
was
61%
in
57%
never
57%
Oh
57%
oh
57%
end
54%
knew
54%
This
54%
this
54%
with
54%
world
54%
And
50%
but
50%
further
50%
not
50%
place,
50%
said
50%
tell
50%
what
50%
I'll
46%
look
46%
say
46%
waste?
46%
'Cause
43%
enough
43%
exactly
43%
back
39%
circles
39%
Finally,
39%
know
39%
ain't
36%
around
36%
begins
36%
could
36%
that's
36%
as
32%
drops
32%
fly
32%
myself
32%
build
29%
heart
29%
tingle
29%
yeah
29%
Waiting
21%
lust
18%
Aucun quiz correspondant
Distribution des résultats
% des personnes avec chaque résultat
Percentile par nombre de réponses
Votre historique - résultats
Vous n’avez pas pris ce quiz